Seasonal migration and microcredit during agricultural lean seasons: evidence from northwest bangladesh /

Bewaard in:
Bibliografische gegevens
Hoofdauteur: Shonchoy, Abu S.
Formaat: Texto
Tags: Voeg label toe
Geen labels, Wees de eerste die dit record labelt!

MARC

LEADER 00000 a a2200000 04500
001 48814
003
040
100 |a Shonchoy, Abu S.  
245 |a Seasonal migration and microcredit during agricultural lean seasons:   |b evidence from northwest bangladesh /  |c Abu S. Shonchoy  
773 |g volumen53, número1, (2015), páginas 1-26 : tablas, gráficos  
999 |c 34626  |d 34626